000 00520nam a22001937a 4500
003 OSt
005 20140310181724.0
008 130307t xxu||||| |||| 00| 0 eng d
020 _a0748735607
050 _aQA 273
_b.M478 2000
082 _aIB 531
_bM17 2000
245 _aStatistics /
_cby McGill, Fiona,McLennan, Stewart: Migliorini, Jane
260 _aCheltenham :
_bStanley Thornes,
_c2000.
300 _a554 p. :
_bill.
_c27cm
521 _aIB students
541 _j1
562 _e1
942 _2lcc
_cIB
_kIB
999 _c2126
_d2126